000 00337nam a2200145 i 4500
001 bg
100 1 _aVAJDA, S.
245 0 _aProbabilistic programming /
_cS. Vajda.
260 _aNew York :
_bAcademic Press,
_c1972.
040 _cBPK
041 _apol
080 _a519.85
942 _cKS
008 s pl f |000 0 pol
999 _c15717
_d15717
856 _uhttp://koha.tu.koszalin.pl/cgi-bin/koha/opac-detail.pl?biblionumber=15717
_yKatalog online BPK